|
|
|
|
| LEADER |
00000nab a2200000ua 4500 |
| 001 |
vtls010801011 |
| 003 |
SK-MaSNL |
| 005 |
20260303135031.0 |
| 008 |
230218s1964 xo |||||||||||||||||cze| |
| 035 |
|
|
|a (urnnbn)urn:nbn:sk:snk:ar-002sbw
|
| 035 |
|
|
|a (uuid)ad51c46d-92a7-47d2-a907-2966398ef9bc
|
| 035 |
|
|
|a urn:nbn:sk:snk-ab41ii
|
| 040 |
|
|
|a SNKBUCL
|b slo
|c SNKBUCL
|e AACR2
|
| 041 |
0 |
|
|a cze
|
| 044 |
|
|
|a xo
|c SK
|
| 100 |
1 |
|
|a Michel, Alois
|4 aut
|9 1156075
|
| 245 |
1 |
0 |
|a STRUKTURNÍ ZMĚNY PŘI POPOUŠTĚNÍ 12% CHROMOVÝCH ŽÁRUPEVNYCH OCELÍ LEGOVANÝCH MOLYBDENEM A VANADEM
|c Alois Michel, Jiří Wozniak, Václav Foldyna
|
| 700 |
1 |
|
|a Wozniak, Jiří
|4 aut
|9 816840
|
| 700 |
1 |
|
|a Foldyna, Václav
|4 aut
|9 305107
|
| 773 |
0 |
|
|t Kovové materiály
|g Roč. 2, č. 6 (1964), s. 505-521
|
| 954 |
|
|
|a odborná, vedecká literatúra cudzojazyčná (svetová)
|2 lita
|
| 958 |
|
|
|a OND
|
| 958 |
|
|
|a EUIPO
|
| 958 |
|
|
|a article3
|
| 999 |
|
|
|c 1963339
|d 1965269
|